书目信息 |
| 题名: |
地被植物的应用及养护技术
|
|
| 作者: | 杨青菊 , 张红英 , 靳凤玲 编著 | |
| 分册: | ||
| 出版信息: | 长春 吉林科学技术出版社 2019.08 |
|
| 页数: | 185页 | |
| 开本: | 26cm | |
| 丛书名: | ||
| 单 册: | ||
| 中图分类: | S688.4 | |
| 科图分类: | ||
| 主题词: | 地被植物--di bei zhi wu--栽培技术 | |
| 电子资源: | ||
| ISBN: | 978-7-5578-5772-1 | |
| 000 | 00883nam0 2200253 450 | |
| 001 | 0109110233 | |
| 005 | 20201109110340.0 | |
| 010 | @a978-7-5578-5772-1@dCNY50.00 | |
| 100 | @a20200525e20202019em y0chiy50 ea | |
| 101 | 0 | @achi |
| 102 | @aCN@b220000 | |
| 105 | @aa z 000yy | |
| 106 | @ar | |
| 200 | 1 | @a地被植物的应用及养护技术@Adi bei zhi wu de ying yong ji yang hu ji shu@f杨青菊, 张红英, 靳凤玲编著 |
| 210 | @a长春@c吉林科学技术出版社@d2019.08@h2020.02 | |
| 215 | @a185页@c图@d26cm | |
| 330 | @a本书共分四章,将通过对地被植物的概述,地被植物的应用,并简单介绍几种多年生草本地被植物和灌木地被植物。 | |
| 606 | 0 | @a地被植物@Adi bei zhi wu@x栽培技术 |
| 690 | @aS688.4@v5 | |
| 701 | 0 | @a杨青菊@Ayang qing ju@4编著 |
| 701 | 0 | @a张红英@Azhang hong ying@4编著 |
| 701 | 0 | @a靳凤玲@Ajin feng ling@4编著 |
| 801 | 0 | @aCN@bBJSZM@c20201103 |
| 905 | @b1241467-70@dS688.4@e637@f4 | |
| 地被植物的应用及养护技术/杨青菊, 张红英, 靳凤玲编著.-长春:吉林科学技术出版社,2019.08(2020.02) |
| 185页:图;26cm |
| ISBN 978-7-5578-5772-1:CNY50.00 |
| 本书共分四章,将通过对地被植物的概述,地被植物的应用,并简单介绍几种多年生草本地被植物和灌木地被植物。 |
| ● |
| 相关链接 |
|
|
|
|
正题名:地被植物的应用及养护技术
索取号:S688.4/637
 
预约/预借
| 序号 | 登录号 | 条形码 | 馆藏地/架位号 | 状态 | 备注 |
| 1 | 1241467 | 212414671 | 第二样本阅览室/ [索取号:S688.4/637] | 在馆 | |
| 2 | 1241468 | 212414680 | 第三借阅区/ [索取号:S688.4/637] | 在馆 | |
| 3 | 1241469 | 212414699 | 第三借阅区/ [索取号:S688.4/637] | 在馆 | |
| 4 | 1241470 | 212414706 | 第三借阅区/ [索取号:S688.4/637] | 在馆 |